[Event "FRA-ch U12"]
[Site "Aix les Bains"]
[Date "2006.??.??"]
[Round "2"]
[White "Brunier, Jules"]
[Black "MacKay, Geoffrey"]
[Result "1-0"]
[WhiteElo "1930"]
[BlackElo "1730"]
[PlyCount "101"]
[EventDate "2006.04.16"]
[EventType "swiss"]
[EventRounds "9"]
[EventCountry "FRA"]
[SourceTitle "EXT 2007"]
[Source "ChessBase"]
[SourceDate "2006.11.23"]
[SourceVersion "1"]
[SourceVersionDate "2006.11.23"]
[SourceQuality "1"]

1. e4 e5 2. Nf3 Nc6 3. Bc4 Nf6 4. d3 Bc5 5. c3 0-0 6. Nbd2 d6 7. Nf1 h6 8. Ng3 Re8 9. 0-0 Bg4 10. h3 Bxf3 11. Qxf3 Ne7 12. Bxh6 d5 13. Bb3 Qd6 14. Bg5 c6 15. Bxf6 Qxf6 16. Qxf6 gxf6 17. Nh5 Kf8 18. Nxf6 Red8 19. exd5 cxd5 20. Ba4 Nc6 21. Bb3 d4 22. Ne4 Bb6 23. c4 Kg7 24. Rad1 f5 25. Ng3 Kf6 26. f4 Re8 27. fxe5+ Rxe5 28. Nh5+ Kg5 29. Nf4 Re3 30. Nd5 Re2 31. Rf2 Rae8 32. Kf1 R2e5 33. Ba4 R8e6 34. Bxc6 bxc6 35. Nf4 Re7 36. h4+ Kh6 37. b4 c5 38. Nd5 R7e6 39. a3 cxb4 40. axb4 Bd8 41. g3 a5 42. b5 a4 43. Ra1 Ba5 44. Rxa4 Re1+ 45. Kg2 Bd8 46. Ra6 Rxa6 47. bxa6 Ra1 48. Rxf5 Rxa6 49. Rf4 Rg6 50. Kh3 Kh7 51. Rxd4 1-0